Medallas y Líderes de Gimnasio de Kanto - Pokemon Quiz - Estadísticas

Estadísticas generales
  • Esta prueba ha sido intentada 59 veces
  • La puntuación promedio es 14 de 24
Estadísticas de respuestas
Imagen Respuesta % Correcto
Brock
100%
Misty
96%
Giovanni/Azul
87%
Medalla Roca
85%
Teniente Surge
77%
Erika
68%
Sabrina
68%
Blaine
60%
Ciudad Celeste
60%
Ciudad Verde
60%
Medalla Arcoíris
58%
Ciudad Azulona
57%
Ciudad Carmín
57%
Ciudad Plateada
57%
Koga/Sachiko
57%
Isla Canela
51%
Ciudad Azafrán
43%
Medalla Cascada
43%
Medalla Tierra
42%
Ciudad Fucsia
40%
Medalla Alma
38%
Medalla Trueno
36%
Medalla Volcán
32%
Medalla Pantano
28%
No se encontraron pruebas coincidentes
Distribución de puntuación
Porcentaje de gente con cada puntuación
Porcentaje por número respondido
Historial de tus puntuaciones
No has intentado esta prueba.